[Event "E World Cup 2015"]
[Site "Baku AZE"]
[Date "2015.09.13"]
[Round "1.52"]
[White "Granda Zuniga, Julio E"]
[Black "Fier, Alexandr"]
[Result "1-0"]
[WhiteElo "2667"]
[BlackElo "2624"]
[EventDate "2015.09.11"]
[Annotator "Bojkov,Dejan"]
[PlyCount "123"]
[Beauty "6258841101863"]
[EventType "game"]
[EventCountry "AZE"]

{The general strategy in a short match of two games is to try and play without any risk whenever possible, especially with the white pieces. Things went very well for the experienced Peruvian GM in this game.} 
1.c4 e5 2.Nc3 Nf6 3.Nf3 Nc6 4.g3 Bb4 {This game follows Khismatullin-Tomashevsky from the Russian Superfinal that we looked at not long ago.} 5.Bg2 O-O 6.O-O e4 7.Ng5 Bxc3 8.bxc3 Re8 9.f3 {This is one of the main lines in the English opening, which was heavily investigated after Garry Kasparov used it against his great rival Anatoly Karpov in their match in Sevilla 1987.} 9...exf3 10.Nxf3 Qe7 ( {A couple of weeks ago Anand tried} 10...d5 11.d4 dxc4 12.Bg5 h6 13.Bxf6 Qxf6 14.e4 Bg4 {and held the game to a draw against the future winner of the tournament, Aronian,L (2765)-Anand,V (2816) Saint Louis 2015} ) 11.e3 Ne5 12.d3 ( {Nothing promises} 12.Nxe5 Qxe5 13.Rb1 Rb8 14.Rb5 Qe7 15.d3 d6 16.e4 Bg4 $1 {as seen in another encounter Aronian,L (2780)-Anand,V (2804) Stavanger 2015} ) 12...d6 13.Nd4 c5 {Better than} ( 13...Bg4 14.Qc2 c5 {to which Tomashevsky explained that the positional exchange sacrifice after} 15.Nf5 Bxf5 16.Rxf5 d5 17.cxd5 c4 18.d4 Nd3 19.Bd2 Ne4 20.Re5 $1 {is good for White.} ) 14.Nc2 {Granda Zuniga comes well prepared for the game.} ( {After the usual} 14.Nf5 Bxf5 15.Rxf5 d5 {Tomashevsky uncorked a strong novelty. This was only the start of a superb opening preparation by the former European champion which helped him win the Russian title, Khismatullin,D (2642)-Tomashevsky,E (2747) Chita 2015.} ) 14...Bg4 15.Qd2 d5 {Fier follows Tomashevsky's footprints but this is exactly what Granda wants. Instead} ( 15...Qe6 $5 {will be tested in the future.} ) 16.cxd5 c4 17.Ba3 {The point behind White's knight retreat.} 17...Qd8 {The only move as} ( 17...Qd7 18.d4 Nd3 19.Rxf6 $1 gxf6 20.e4 {followed by Nc2-e3 is awful for Black.} ) 18.dxc4 ( 18.d4 Nd3 19.Rab1 {was another possibility.} ) 18...Nxc4 19.Qd4 Rc8 ( {White is better after} 19...Nxa3 20.Nxa3 Qe7 21.Nc2 ) 20.e4 {White managed to stabilize the situation and keep the extra pawn. His play is easier.} 20...Qb6 21.Rf4 Ne5 {Psychologically it is difficult to retreat pieces, but} ( 21...Bd7 {followed by} 22.Bb4 Ng4 {and Ng4-e5 with blockade might have been the better choice.} ) 22.Ne3 ( {Better than} 22.Qxb6 axb6 23.Bb4 Nd3 {with counterplay for Black. For example} 24.Ne3 Nxf4 25.gxf4 Bd7 26.e5 g5 $1 ) 22...Be2 {This makes things worse as the white knight can take advantage of the f5 square.} ( 22...Bd7 {was still best.} ) 23.d6 ( 23.Nf5 {at once was also very good. In the forced line} 23...Rxc3 24.Ne7+ Kh8 25.Qxb6 axb6 26.Bb2 Nf3+ 27.Bxf3 Rxf3 28.Bxf6 ( {Better than} 28.Rxf3 Bxf3 29.Bxf6 gxf6 30.d6 ) 28...gxf6 29.d6 {White has serious winning chances.} ) 23...Qa6 24.Bb4 Rcd8 25.Rxf6 $1 {This sacrifice is always good! Well sorry, it is not even a sacrifice here.} 25...gxf6 26.Nd5 Kg7 27.Nc7 Qc6 28.Qe3 {Solid and in accordance with the general match strategy: no counterplay at all for the opponent like in the line} ( 28.Nxe8+ Rxe8 29.Qxa7 Bf3 30.Qd4 Bxg2 31.Kxg2 f5 ) 28...a5 $1 {Fier defends very well and takes care of the most dangerous white pawn.} 29.Bxa5 ( 29.Bc5 Bf3 $1 {is OK for Black.} ) 29...Qxd6 30.Nxe8+ Rxe8 31.Bb4 Qa6 32.Bc5 {The tactical squirmish is over. Now the grinding starts.} 32...Qd3 33.Qxd3 Bxd3 34.Rd1 Ra8 35.a3 Bb5 36.Bh3 Bc6 37.Bf5 Nc4 {Misses the excellent chance} ( 37...Nf3+ 38.Kf2 Ng5 $1 39.Re1 Re8 ) 38.Kf2 h6 39.Bb4 b5 40.Bc5 Be8 41.g4 {White made a lot of progress, activated his pieces and now the king.} 41...Bc6 42.Kg3 Re8 43.Kf4 Re5 44.Bb4 Re8 45.h4 Ne5 46.Rd6 Ba8 47.h5 $1 {The signature of the a master. There will be no annoying checks on g6, the black king will be in constant danger (if the black rook leaves the back rank, the white one will occupy it and Bb4-f8 would prove deadly).} 47...Nc4 48.Ra6 Nd2 49.Bc5 ( {Not bad was} 49.Rb6 Nxe4 50.Bd7 Rd8 51.Bxb5 ) 49...Bxe4 ( 49...Nxe4 $2 50.Rxa8 ) 50.Bd4 Bxf5 51.Bxf6+ Kh7 52.Kxf5 {A pair of pawn were traded but the most important achievement for White is that he broke the blockade. His pieces are dominating.} 52...Nc4 53.Kf4 Ne3 54.Rd6 Nc4 55.Rd7 Kg8 56.g5 {The most convincing win. White plays for an attack.} 56...hxg5+ 57.Kxg5 Nxa3 58.Kh6 {With the idea Rd7-d5-g5+} 58...Kf8 59.Kh7 Re6 60.Rd8+ Re8 61.Rxe8+ Kxe8 62.Kg8 {The h-pawn decided the game.} 1-0

[Event "E World Chess Cup"]
[Site "FIDE"]
[Date "2015.09.11"]
[Round "1.19"]
[White "Mamedyarov, Shakhriyar"]
[Black "Idani, Pouya"]
[Result "1-0"]
[WhiteElo "2736"]
[BlackElo "2569"]
[EventDate "2015.??.??"]
[Annotator "Bojkov,Dejan"]
[PlyCount "61"]
[Beauty "8251726927374"]
[EventType "team-tourn"]
[EventCountry "FID"]
[WhiteClock "0:28:46"]
[BlackClock "0:17:38"]

{[Annotations by GM Dejan Bojkov] In the first round of the World Cup I would like to pay a tribute to the hosts with a game of their main hope. Shakhriyar Mamedyarov has a dangerous opponent in this game: the former world youth champion Idani Pouya of Iran.} 
1.d4 d5 2.Nf3 Nf6 3.e3 e6 4.Bd3 Be7 5.b3 b6 6.Bb2 Bb7 7.Nbd2 Nbd7 8.O-O O-O 9.c4 {The position is quite symmetrical but since White is the first one to play he has more options. He may now like to put the queen on e2 (c2), connect the rooks and then decide at which moment to open the center. Pouya decides not to allow this.} 9...Ne4 ( {More normal is} 9...c5 {which generates pressure in the center. For example} 10.Qe2 Ne4 11.Rfd1 Qc7 12.cxd5 exd5 13.Rac1 Bf6 14.Nf1 Rac8 15.Ng3 g6 16.Bb5 {with complex play, where White seems somewhat better, Short,N (2664)-Ganguly,S (2603) Kolkata 2015} ) 10.Rc1 Bd6 ( {Also} 10...Rc8 11.Qe2 a5 12.Rfd1 f5 {has been seen, Danielian,E (2490)-Zhu,C (2461) Sharjah 2014} ) 11.Qc2 f5 {The point behind Black's last move. He wants to create a nice Stonewall position with the dark-squared bishops on the board.} 12.Rfd1 {The mysterious rook move is a novelty. Mamedyarov sees in the future.} ( {Previously only} 12.Ne5 {had been tried} 12...Rf6 ( 12...Nxe5 {is not bad neither} 13.dxe5 Bb4 ) 13.c5 $6 {This drops a pawn.} 13...bxc5 ( 13...Nexc5 14.dxc5 Bxe5 15.Bxe5 Nxe5 ) 14.Bxe4 {and so on, Cordero,D (1984)-De Leon,P (1741) Montevideo 2009} ) 12...Qe7 ( {It is quite understandable that Black does not want to open the files for the white rooks with} 12...c5 {but that was objectively the correct decision.} ) 13.cxd5 exd5 14.Ne5 c5 {Black changes his mind.} ( {Bad was} 14...Ndf6 15.f3 ) ( {However} 14...Rac8 {deserved attention as it creates the threat} 15.f3 ( 15.Ndf3 {is better to which Black would most likely react with} 15...c5 ) 15...Nxd2 16.Qxd2 Nxe5 17.dxe5 Bxe5 ) 15.Nxe4 $1 {The mistery is about to get revealed...} 15...fxe4 16.Bxe4 $3 dxe4 ( {There is no choice} 16...Bxe5 $2 17.Bxh7+ ) 17.Nxd7 Qxd7 ( {Perhaps} 17...Rf5 $1 {was the way to play. The idea is to somehow surround the white knight. True, after} 18.dxc5 ( {Or} 18.Ne5 Raf8 {with good compensation for a pawn.} ) 18...bxc5 {Both} 19.Qc4+ ( {and} 19.Rxd6 Qxd6 20.Nxc5 Rc8 21.Bd4 ) 19...Kh8 20.Rxd6 Qxd6 21.Nxc5 Qd2 22.Qc2 Qxc2 23.Rxc2 {gives more than enough for the exchange but it is doubtful that White's advantage will be sufficient for the whole point.} ) 18.dxc5 {Now the mystery of the rook is fully revealed. It wins something along the d-file.} 18...Bxh2+ {The bishop is doomed anyway. For example} ( 18...bxc5 19.Be5 Rf6 20.Bxf6 gxf6 21.Qxc5 Bxc5 22.Rxd7 Ba3 23.Rcc7 {and White wins.} ) 19.Kxh2 Qc7+ ( 19...Qg4 {is a bit more active but White is in control after} 20.Kg1 Rac8 21.Qc4+ Kh8 22.Qd4 ) 20.Kg1 {White won a pawn and has more active pieces.} 20...Rac8 21.Qc4+ Rf7 22.cxb6 Qxb6 ( {Or else Black loses another pawn in the endgame:} 22...Qxc4 23.Rxc4 Rxc4 24.bxc4 axb6 25.Rd8+ Rf8 26.Rd6 ) 23.Qa4 Rcf8 ( 23...Rxc1 24.Rxc1 ) 24.Rd7 {Now Mamedyarov decides the game with a direct atack on the seventh and the eight ranks.} 24...Rxd7 25.Qxd7 Rf7 26.Qe8+ Rf8 27.Qa4 {This avoids the possible technical problems in the opposite-colored bishop endgame after} ( 27.Qe5 Qf6 28.Qxf6 gxf6 29.Rc7 Rf7 ) 27...a6 28.Qc4+ Rf7 ( {White would not mind this endgame though} 28...Kh8 29.Qc7 Qxc7 30.Rxc7 ) 29.Rd1 Qc7 30.Qe6 Qe7 {This allows a beautiful finish.} 31.Ba3 $3 ( {Black resigned not willing to see the mate} 31.Ba3 Qxe6 32.Rd8+ Rf8 33.Rxf8# ) 1-0

[Event "E World Chess Cup"]
[Site "FIDE"]
[Date "2015.09.14"]
[Round "10.25"]
[White "Guseinov, Gadir"]
[Black "Navara, David"]
[Result "1-0"]
[WhiteElo "2634"]
[BlackElo "2728"]
[EventDate "2015.??.??"]
[Annotator "Bojkov,Dejan"]
[PlyCount "101"]
[Beauty "6944219745349"]
[EventType "team-tourn"]
[EventCountry "FID"]
[WhiteClock "0:13:58"]
[BlackClock "0:44:32"]

{[Annotations by GM Dejan Bojkov]} 
1.e4 c6 2.d4 d5 3.Nd2 dxe4 4.Nxe4 Bf5 {Navara's great memory gives him the advantage of diversity in the opening.} 5.Ng3 Bg6 6.h4 h6 7.Nf3 Nd7 8.h5 Bh7 9.Bd3 Bxd3 10.Qxd3 e6 11.Bd2 Ngf6 12.O-O-O Be7 13.Ne4 {This knight is quite a problematic piece in the Caro-Kann for White and Guseinov hurries to bring in back in the center.} 13...Nxe4 {On the other hand Black is happy to trade some pieces.} 14.Qxe4 Nf6 15.Qd3 {A fighting move.} ( {The main line is considered harmless for Black} 15.Qe2 {due to the maneuver} 15...Qd5 16.c4 Qe4 17.Qxe4 Nxe4 18.Be3 f5 19.Nd2 Nf6 20.Nf3 Bd6 {1/2-1/2 (20) Harikrishna,P (2740)-Berkes,F (2659) Kocaeli 2015} ) 15...c5 {A relatively rare move. The main continuations are} ( 15...O-O ) ( {and} 15...Qd5 ) 16.Kb1 cxd4 17.Nxd4 O-O $2 {What can be more natural than that?! Instead, both} ( 17...Rc8 ) ( {and} 17...Qd5 {would be playable.} ) 18.Bxh6 $5 {Kaboom! Something went wrong with Navara's preparation as this move is not even a novelty! Or maybe he just considered the complications favorable for him? Judging by the speed with which he was banging the moves, it should have been the latter.} 18...gxh6 19.Qg3+ Kh8 20.Nxe6 fxe6 21.Rxd8 Raxd8 22.Qe3 Ng8 23.Qxa7 {Both players are blitzing, Guseinov comes up with a novelty. The stem game saw} ( 23.f4 Rf5 24.g4 Rfd5 25.a3 e5 26.fxe5 {with advantage for White in Kokarev,D (2628)-Gavrilov,A (2456) Moscow 2014} ) 23...Bf6 24.f3 {Finally, both players start thinking. The material balance is weird. A queen and three pawns are fighting a rook, bishop and knight. Techically speaking we have 9+3 vs 5+3+3. White should be up a pawn. Concretely speaking, White should be better thanks to his safe king. However, if Black manages to coordinate his pieces, the evaluation will change as the pieces can easily outnumber the queen in the attack against the white pawns for instance.} 24...Ne7 ( 24...Rf7 $5 {looks more solid.} ) 25.Qe3 {White wins pawn number four but the black rooks occupy the open files.} 25...Bg7 26.Qxe6 Nd5 27.c3 Rfe8 28.Qf5 {Compy criticizes this move and suggests instead} ( 28.Qg6 {presumably to defend the g2-pawn with the queen. However then Black has} 28...Re2 {and if} 29.Rc1 Nf4 $1 {is unpleasant for White to say at least.} ) 28...Re2 {Creates concrete threats.} 29.Rc1 {Or else Black can sacrifice on c3} ( 29.g4 Bxc3 ( 29...b5 ) ( 29...Ne3 {are not bad neither.} ) 30.bxc3 Nxc3+ 31.Kc1 Nxa2+ {with guaranteed draw.} ) 29...Rxg2 {Now Navara rejects the draw, which was possible after} ( 29...Ne3 30.Qb5 Rdd2 31.Qe8+ Kh7 32.Qg6+ ) 30.a3 b5 31.Qf7 Nf6 {The position is very complicated. Navara had other interesting options:} ( 31...b4 $5 {might lead to a forced draw (!) after} 32.axb4 Nxb4 33.Qc7 Bf6 34.Re1 Rgd2 35.cxb4 Rxb2+ 36.Kc1 Ra8 37.Re5 $1 Rg2 38.Kb1 Rd8 39.Re1 Ra8 ( 39...Rb2+ 40.Kc1 Ra8 ) 40.Re5 Rd8 ) ( {While} 31...Ne3 32.Re1 Nc4 33.Re8+ Rxe8 34.Qxe8+ Kh7 35.Qxb5 {is not that great as the endgame after} 35...Rxb2+ 36.Qxb2 Nxb2 37.Kxb2 {is lost for Black. The pawns easily outnumber the bishop.} ) 32.Qb7 Rd5 ( {White is better after} 32...Rdd2 33.Qxb5 Nxh5 34.Re1 ) 33.f4 $1 {Surprisingly, Black has problems with the moves after this. The queen is taking care of everything.} 33...Kh7 34.Re1 {The rook got active and Black decided to give the b5 pawn but to activate the pieces.} 34...Rdd2 35.Qxb5 Nd5 36.Ka1 $1 {Nice prophylaxis as if White carelessly advances the pawn} ( 36.a4 $2 {there is} 36...Rxb2+ 37.Qxb2 Rxb2+ 38.Kxb2 Bxc3+ {and Black wins.} ) 36...Rgf2 ( {Here} 36...Rxb2 $2 {is bad due the counter-attack} 37.Qd3+ Kh8 38.Re8+ Bf8 39.Qxd5 ) 37.Qe8 {Threatens mate in two.} 37...Nxf4 38.Qe4+ Kh8 39.Qa8+ Kh7 40.Qe4+ Kh8 {Guseinov made the control moves just in time to get the needed extra minute to find the right continuation.} 41.Qf5 $1 Rd8 {Once that the active black pieces go back, White gets the time he needs to push his queenside pawns.} 42.Qb5 ( 42.Qf7 $5 {was not bad neither.} ) 42...Rd5 {This makes things easier for White.} ( 42...Kh7 {was more stubborn but White is much better anyway.} ) 43.Re8+ Kh7 44.Qc4 {The threat Qc4-e4+ forces the black king out.} 44...Rxh5 45.Qg8+ Kg6 46.Re7 Rh1+ 47.Ka2 Nh5 48.Qe6+ {And the powerful white pieces finished the job.} 48...Nf6 ( {Or} 48...Kh7 49.Qe4+ ) ( {Hopeless is} 48...Bf6 49.Qg4+ Bg5 50.Qe4+ Kf6 ( 50...Rf5 51.Re6+ ) 51.Qe6# ) 49.Qf7+ Kf5 50.Qxg7 Rhh2 51.Rb7 {An epic, irrational battle.} 1-0

[Event "E World Chess Cup"]
[Site "FIDE"]
[Date "2015.09.18"]
[Round "20.10"]
[White "Jakovenko, Dmitry"]
[Black "Ivanchuk, Vassily"]
[Result "1-0"]
[WhiteElo "2748"]
[BlackElo "2726"]
[EventDate "2015.??.??"]
[Annotator "Bojkov,Dejan"]
[PlyCount "69"]
[Beauty "8041655180835"]
[EventType "team-tourn"]
[EventCountry "FID"]
[WhiteClock "0:19:12"]
[BlackClock "0:31:05"]

{[Annotations by GM Dejan Bojkov]} 
1.d4 Nf6 2.c4 g6 3.Nc3 Bg7 4.e4 d6 5.h3 O-O 6.Nf3 a6 {Ivanchuk chooses a rare line which Jakovenko had analyzed a long time ago, but he could not remember his preparation.} 7.Bd3 c6 8.O-O b5 ( {Another way for Black to play is} 8...Nfd7 9.Bg5 h6 10.Be3 b5 11.Qd2 Kh7 12.Rac1 e5 {as in Khairullin,I (2642)-Onischuk,V (2563) Khanty-Mansiysk 2012} ) 9.Re1 {Solid play.} 9...Nbd7 ( {The only thing Jakovenko remembered about his prep was that the line} 9...bxc4 10.Bxc4 d5 11.Bd3 {is considered slightly better for White.} ) 10.Bg5 h6 {Jakovenko was a bit afraid of the line} ( 10...bxc4 11.Bxc4 c5 {but the brief after-game analysis revealed that White is better after} 12.e5 cxd4 13.exf6 exf6 14.Nxd4 fxg5 15.Bd5 ( {Or} 15.Nc6 ) ) 11.Be3 bxc4 {A novelty.} ( {A predecessor saw} 11...Nb6 12.b3 Nfd7 13.Rc1 b4 14.Ne2 {when White is very stable and enjoys extra space and a stronger center, Grivas,E (2499)-Sigalas,F (2069) Chania 2000} ) 12.Bxc4 d5 13.Bd3 dxe4 14.Nxe4 {Black freed himself a bit, but the problems with the weak pawn on c6 and the weak c5-square remain. This is probably the great difficulty of the whole line: White does not even have to do anything special to get a better position.} 14...Nd5 ( {On} 14...Bb7 {White was planning} 15.Rc1 {followed by Ne4-c5 with an edge.} ) 15.Bd2 Qb6 16.b4 ( {On} 16.Qa4 {Jakovenko was afraid that Ivanchuk may free himself with} 16...c5 {but the analysis showed that White has} ( 16...a5 {might be better.} ) 17.Qc4 Bb7 18.Nxc5 Nxc5 19.dxc5 {just winning a pawn.} ) 16...Nxb4 {Jakovenko did not analyze this move seriously. After the game he said he has a "special feeling" for the queens.} 17.Rb1 a5 ( {Better than} 17...Nxd3 18.Rxb6 Nxb6 19.Re3 Nf4 20.Nc5 {when White can use the a5 square later.} ) 18.a3 Nxd3 19.Rxb6 Nxb6 20.Re3 ( {At first White wanted to play} 20.Re2 {but he did not like} 20...Nd5 ( 20...Nc4 21.Bxh6 Bxh6 22.Qxd3 Ba6 ) ( 20...Ba6 $5 {was dismissed by White but might not be bad at all after} 21.Bxa5 Nd5 {with counterplay.} ( 21...Nc4 22.Bb4 ) ) 21.Nc3 Nxc3 22.Bxc3 Nf4 {and the black knight lands on d5.} ) 20...Nb2 21.Qc1 N2c4 22.Rc3 Nxd2 23.Qxd2 {For the queen Ivanchuk has enough material - a rook, a bishop and a pawn. However, his pieces are not yet coordinated and he has problems.} 23...Rd8 24.Qe1 ( {Better than} 24.Rxc6 Bb7 25.Rxb6 Bxe4 ) 24...Nd5 25.Rxc6 Bb7 26.Rc5 Nf4 ( {Jakovenko believed Black's best chance is} 26...a4 27.Qb1 Ba6 28.Ne5 Rab8 29.Qc1 {although White dominates with his central pieces.} ) 27.Rc7 Rab8 {A critical moment of the battle. Now Ivanchuk had the very nice tactical idea} ( 27...Rac8 $1 {and if} 28.Rxb7 ( {White can also be tricky with} 28.Rxe7 Rc1 29.Nf6+ $1 {Now the rook covers the e2 square, but Black has decent chances to survive after} 29...Bxf6 30.Qxc1 Nxh3+ 31.gxh3 Bxe7 ) 28...Rc1 29.Qxc1 Ne2+ {leads to a draw.} ) 28.Rxe7 Nd5 29.Rxb7 $1 ( {The forced line} 29.Rxf7 Kxf7 30.Neg5+ hxg5 31.Nxg5+ {leads only to draw after} 31...Kg8 $1 ( 31...Kf8 $2 32.Qe6 {is mate} ) 32.Qe6+ Kh8 33.Qxg6 Nf6 34.Nf7+ Kg8 35.Nh6+ {Jakovenko.} ) 29...Rxb7 30.Qxa5 Rbb8 {One advantage was transformed into another. The queen and the pawn are superior as they have the strong support of the white knights. This allows White a chance to attack on the kingside.} ( {Perhaps Black needed to defend the seventh rank with} 30...Rc7 31.Ne5 ) 31.Ne5 Ra8 32.Qc5 Rac8 ( {Or} 32...Bf8 33.Qc4 Bxa3 ( 33...Rac8 34.Nc5 ) 34.Nf6+ Nxf6 35.Qxf7+ {and White wins (Jakovenko).} ) ( 32...Nf6 {to relief the pressure from the white knights was another try.} ) 33.Qa7 Rc1+ {Once that the rooks get separated, the game is over.} 34.Kh2 Nc7 35.Nc5 ( {Ivanchuk resigned due to the line} 35.Nc5 Bxe5+ 36.dxe5 Rd5 37.Ne4 $1 Rxe5 38.Qb8+ ( {Even better than} 38.Qd4 {(Sutovsky) which also wins.} ) 38...Kg7 ( 38...Kh7 39.Nf6+ Kg7 40.Nd7 ) 39.Qb2 {with decisive attack.} ) 1-0